• 首页
  • 本馆介绍
  • 公告通知
  • 最新文献
  • 馆藏检索
  • 电子资源
  • 读者导购
  • 参考咨询
  • 我的图书馆
  • 登录
  • 详细信息显示
  • 放入我的书架
  • 预约/预借图书
  • 作者相关作品
  • 分类相关作品
  • 丛书相关作品
  • 出版社相关作品

书目信息

  • 表格格式
  • 工作单格式
  • 卡片格式
题名:
卢梭全集
    
 
作者: 卢梭 著 ;李平沤 译
分册: 第6卷   爱弥儿
出版信息: 北京   商务印书馆  2012.06
页数: 427页
开本: 24cm
丛书名:
单 册:
中图分类: B565.26-52 , G40-095.65
科图分类:
主题词: 教育思想--法国--近代 , 教育思想
电子资源:
ISBN: 978-7-100-09158-9
000 01196nam0 2200325 450
001 005581944
005 20130426102835.09
010    @a978-7-100-09158-9@b精装@dCNY108.00
100    @a20120926d2012 em y0chiy50 ea
101 1  @achi@cfre
102    @aCN@b110000
105    @ay z 000yy
106    @ar
200 1  @a卢梭全集@9lu suo quan ji@h第6卷@i爱弥儿@h上@i论教育@f李平沤译
210    @a北京@c商务印书馆@d2012.06
215    @a427页@d24cm
305    @a据菲尔曼·迪多兄弟出版公司1858年版译出
312    @a书内法文题名:J. J. Rousseau emile ou de l'education
330    @a本书是第一本小说体教育名著。在书中,卢梭通过对他所假设的教育对象爱弥儿的教育,来反对封建教育制度,阐述他的资产阶级教育思想。
510 1  @aJ. J. Rousseau@iEmile ou de l'education@zfre
600  0 @a卢梭@c(Rousseau, Jean Jacques@f1712-1778)@j全集
600  0 @a卢梭@c(Rousseau, Jean Jacques@f1712-1778)
606 0  @a教育思想@y法国@z近代
606 0  @a教育思想
690    @aB565.26-52@v5
690    @aG40-095.65@v5
701  0 @c(法)@a卢梭@9lu suo@c(Rousseau, Jean-Jacques@f1712-1778)@4著
702  0 @a李平沤@9li ping ou@4译
801  0 @aCN@bNLC@c20120926
905    @b542329-31@dB565.26-52@e60:6@f3
    
    卢梭全集.第6卷.爱弥儿.上.论教育/李平沤译.-北京:商务印书馆,2012.06
    427页;24cm
    
    
    ISBN 978-7-100-09158-9(精装):CNY108.00
    本书是第一本小说体教育名著。在书中,卢梭通过对他所假设的教育对象爱弥儿的教育,来反对封建教育制度,阐述他的资产阶级教育思想。
●
相关链接 在E读中查询图书 在五车中查询图书 在当当中查询图书 在豆瓣中查询图书


正题名:卢梭全集     索取号:B565.26-52/60:6         预约/预借

序号 登录号 条形码 馆藏地/架位号 状态 备注
1 542329   205423291   第一样本阅览室/ [索取号:B565.26-52/60:6] 在馆    
2 542330   205423308   第一借阅区/ [索取号:B565.26-52/60:6] 在馆    
3 542331   205423317   第一借阅区/ [索取号:B565.26-52/60:6] 在馆    
唐山师范学院图书馆 欢迎您!
大连网信软件有限公司© 版权所有